| 000 | 01911nam a22003017a 4500 | ||
|---|---|---|---|
| 003 | OSt | ||
| 005 | 20260423185734.0 | ||
| 008 | 260423t2024 xxu||||| |||| 00| 0 eng d | ||
| 020 | _a9783031790966 | ||
| 020 | _a9783031790959 | ||
| 040 |
_aUnicoc _bspa _c00001 _d00001 |
||
| 082 | _a617.643 | ||
| 100 |
_912769 _aAbela, Stefan |
||
| 245 |
_aDigital orthodontics _b: providing a contemporary treatment solution _c/ Stefan Abela |
||
| 250 | _a1 Ed. | ||
| 260 |
_aSuiza : _bSpringer , _c2024. |
||
| 300 |
_a188 páginas _bIlustraciones, diagramas, tablas, gráficas |
||
| 500 | _aIncluye Bibliografía | ||
| 505 |
_tPart I. Basic Concepts and Materials. -- _t1. Basic Clinical Concepts. -- _t2. Basic CAD/CAM Principles. -- _t3. 3D Printing. -- _t4. Washing and Post-Processing Procedures. -- _tPart II. Clinical Applications of Digital Orthodontics. -- _t5. Digital Orthodontic Model Creation. -- _t6. Digital Orthodontic Appliance Design. -- _t7. In-House Clear Aligner Design and Printing. -- _t8. Indirect Bonding. -- _t9. Customisation and 3D Printing of Fixed Appliance Brackets. -- _t10. Digital Delivery of Orthodontic Mini-Implants (OMIs). -- _t11. Digital Delivery of Orthognathic Surgery and Surgical Wafers. -- _tPart III. Future Evolution of Digital Orthodontics. -- _t12. Developments in Digital Orthodontics. -- _tPart IV. Scientific Evidence Available in Digital Orthodontics. -- _t13. Evidence-Based Digital Orthodontics. |
||
| 526 | _5Unicoc | ||
| 546 | _aInglés | ||
| 650 | 0 |
_912509 _aOrtodoncia digital |
|
| 650 | 0 |
_911097 _aOdontología digital |
|
| 650 | 0 |
_9160 _aSISTEMAS CAD/CAM |
|
| 658 | 0 |
_911722 _aEspecialización en Ortodoncia y Ortopedia Maxilar |
|
| 856 |
_yAcceso online exclusivo para comunidad Unicoc. _uhttps://unicoceduco-my.sharepoint.com/:b:/g/personal/direccionbiblioteca_unicoc_edu_co/IQD_Nvhr57NXQZwRF_yLm6RgAYaSIipWWtv9lNP9Wfwis1E |
||
| 942 |
_2ddc _cEBOOK |
||
| 999 |
_c10877 _d10877 |
||